<?xml version="1.0" encoding="UTF-8"?>
<collection xmlns="http://www.loc.gov/MARC21/slim">
    <record>
        <controlfield tag="001">56967</controlfield>
        <controlfield tag="005">20161027084149.0</controlfield>
        <datafield tag="037" ind1=" " ind2=" ">
            <subfield code="a">TAZ-TFG-2016-3153</subfield>
        </datafield>
        <datafield tag="041" ind1=" " ind2=" ">
            <subfield code="a">spa</subfield>
        </datafield>
        <datafield tag="100" ind1="1" ind2=" ">
            <subfield code="a">Alonso Perera, Rodrigo</subfield>
        </datafield>
        <datafield tag="242" ind1="0" ind2="0">
            <subfield code="a">Underwater Archeology: Conservation and Diffusion of the Underwater Cultural Heritage</subfield>
        </datafield>
        <datafield tag="245" ind1="0" ind2="0">
            <subfield code="a">Arqueología Subacuática: Conservación y difusion del Patrimonio Cultural Subacuático</subfield>
        </datafield>
        <datafield tag="260" ind1=" " ind2=" ">
            <subfield code="a">Zaragoza</subfield>
            <subfield code="b">Universidad de Zaragoza</subfield>
            <subfield code="c">2016</subfield>
        </datafield>
        <datafield tag="506" ind1=" " ind2=" ">
            <subfield code="a">by-nc-sa</subfield>
            <subfield code="b">Creative Commons</subfield>
            <subfield code="c">3.0</subfield>
            <subfield code="u">http://creativecommons.org/licenses/by-nc-sa/3.0/</subfield>
        </datafield>
        <datafield tag="520" ind1=" " ind2=" ">
            <subfield code="a">RESUMEN Ya hace años la Arqueología Subacuática se consolidó como el camino para la exploración del Patrimonio localizado en ríos y mares del mundo entero. Los seres humanos siempre han tenido relación con el medio acuático, desde la antigüedad hasta la actualidad, y por tanto la Arqueología Subacuática es tan importante como la propia Arqueología. Desde el principio se investigaron las técnicas de restauración y conservación, y aún hoy en día esta labor continúa. También es importante la difusión, pues es la forma de dar a conocer el Patrimonio, y concienciar sobre la importancia de su protección. Este trabajo expone la difusión y conservación del Patrimonio Subacuático a través de sus distintas fases. PALABRAS CLAVE: Arqueología Subacuática, Conservación, Difusión, Patrimonio Subacuático. ABSTRACT A few years ago, Underwater Archeology was consolidated as the way to explore our Heritage placed in rivers, lakes and seas all around the world. Human beings have always had a special connection with the water from the antiquity until nowadays. For this reason, Underwater Archeology has become as much important as the common Archeology. At the beginning, restoration and preservation techniques were studied and this work continues nowadays. Diffusion is also very important as it is the way to announce the Heritage and to become aware of its significance. The aim of this essay is to show the work behind the diffusion and the preservation of the Underwater Heritage through its different stages.  KEY WORDS: Underwater Archeology, preservation, diffusion, Underwater Heritage</subfield>
        </datafield>
        <datafield tag="521" ind1=" " ind2=" ">
            <subfield code="a">Graduado en Historia</subfield>
        </datafield>
        <datafield tag="540" ind1=" " ind2=" ">
            <subfield code="a">Derechos regulados por licencia Creative Commons</subfield>
        </datafield>
        <datafield tag="700" ind1=" " ind2=" ">
            <subfield code="a">Sáenz Preciado, J, Carlos</subfield>
            <subfield code="e">dir.</subfield>
        </datafield>
        <datafield tag="710" ind1="2" ind2=" ">
            <subfield code="a">Universidad de Zaragoza</subfield>
            <subfield code="b">Ciencias de la Antigüedad</subfield>
            <subfield code="c"></subfield>
        </datafield>
        <datafield tag="856" ind1="0" ind2=" ">
            <subfield code="f">665957@celes.unizar.es</subfield>
        </datafield>
        <datafield tag="856" ind1="4" ind2=" ">
            <subfield code="s">3575666</subfield>
            <subfield code="u">http://zaguan.unizar.es/record/56967/files/TAZ-TFG-2016-3153.pdf</subfield>
            <subfield code="y">Memoria (spa)</subfield>
        </datafield>
        <datafield tag="909" ind1="C" ind2="O">
            <subfield code="o">oai:zaguan.unizar.es:56967</subfield>
            <subfield code="p">driver</subfield>
            <subfield code="p">trabajos-fin-grado</subfield>
        </datafield>
        <datafield tag="950" ind1=" " ind2=" ">
            <subfield code="a"></subfield>
        </datafield>
        <datafield tag="951" ind1=" " ind2=" ">
            <subfield code="a">deposita:2016-10-26</subfield>
        </datafield>
        <datafield tag="980" ind1=" " ind2=" ">
            <subfield code="a">TAZ</subfield>
            <subfield code="b">TFG</subfield>
            <subfield code="c">FFYL</subfield>
        </datafield>
    </record>

    
</collection>